000 00388nam a22001457a 4500
005 20180207132834.0
008 180207b xxu||||| |||| 00| 0 eng d
040 _cPK-LaUMT
082 _aPKAC 297.09092
_bSAE-S
100 _aSaeed Akhter
245 _aSarmaya tarikh/
_cSaeed Akhter
260 _aلاہور:
_bادارہ معارف اسلامی،
_c1986
300 _a158
942 _cBK
999 _c102773
_d102773